01244nam a22002897a 4500999001700000003000900017005001700026008004100043020001800084020001500102040004300117043001200160082002300172110009200195245015600287264006700443300004700510336002600557337002800583338002700611650006000638650006400698653001900762655002400781942001200805952013700817 c29235d29206EG-ScBUE20210713115753.0200219s2012 waua f 000 0 eng d a9781560278580 a1560278587 aEG-ScBUEbengerdacEG-ScBUEdEG-ScBUE an-us---04a629.13252bFAR2221 aUnited States.bDepartment of Transportation. Federal Aviation Administration,eauthor.00aFAR/AIM 2012 :bfederal aviation regulations, aeronautical information manual rules and procedures for general aviation, sport pilots, and instructors. 1aNewcastle, Washington :bAviation Supplies & Academics,c2012. axvii, 1074 pages :billustrations ;c24 cm 2rdacontentatextbtxt 2rdamediaaunmediatedbn 2rdacarrieravolumebnc 7aAeronauticsxLaw and legislationzUnited States.2BUEsh 7aAir pilotsxLegal status, laws, etc.zUnited States.2BUEsh bGGENcJuly2021 vReading book934232 2ddccBB 00102ddc40708Donation-GaMAINbMAINc1STd2021-07-13eDonationl0o629.13252 FARp000050403r2025-07-15 00:00:00w2021-07-13yBB